| 000 | 00424pab a2200133 454500 | ||
|---|---|---|---|
| 008 | 180718b xxu||||| |||| 00| 0 eng d | ||
| 100 | _aHoddinott, John | ||
| 245 | _aRotten Kids or manipulative parents: are children oldege security in Western Kenya? | ||
| 650 | _a Old Age Security | ||
| 650 | _a Children | ||
| 650 | _aOld Age Security - Kenya, Western | ||
| 773 | _aEconomic Development and Cultural Change | ||
| 909 | _a23149 | ||
| 999 |
_c23149 _d23149 |
||